000 00547nam a22002177a 4500
003 OSt
005 20140310183031.0
008 130218t xxu||||| |||| 00| 0 eng d
020 _a9715844994
050 _aQA157
_b.A394 2006
082 _aFIL 512
_bW89 2006
245 _aWorkbook for PSI for college algebra
260 _aQuezon City
_b C & E Pub.
_cc2006
300 _av, 169 p.
_c21.5 cm.
521 _acollege students
526 _c1210L-1700L
541 _j1
541 _j2
562 _e2
942 _2lcc
_cBK
_kFIL
999 _c18444
_d18444